00391nas a22001457a 4500003000400000005001700004008004100021040000800062245007200070300003300142310001100175650003300186942001100219999001500230IIN20260507130601.0260507c2019 |||ar|j| |||| 00| 0 eng d aIIN aResearch & Review: Journal of Geriatric Nursing and Health Sciences aVol. 1, No. 1 (Jan. 2019) -  aAnnual aGeriatricvResearchxNursing cSERs1 c1895d1895